| 000 | 00530cam a22001577a 4500 | ||
|---|---|---|---|
| 020 | _a9712200434 (Philippines) | ||
| 020 | _a1555874312 (pbk. : U.S.) | ||
| 020 | _a1555874045 (hard : U.S.) | ||
| 040 | _cDLC | ||
| 082 | _a338 INT 1994 A079 Co. | ||
| 245 | 0 | 0 | _aModern rice technology and income distribution in Asia / |
| 260 |
_aManila : _bInternational Rice Research Institute ; _aBoulder : _bLynne Rienner Publishers, _cc1994. |
||
| 300 |
_axxiii, 475 p. : _bill., maps ; _c23 cm. |
||
| 700 | 1 | _aDavid, Cristina C. | |
| 942 | _cEK | ||
| 999 |
_c15937 _d15937 |
||